000 00484nam a22001097a 4500
082 _a800
100 _aपाण्‍डेय , डॉ .नूतन
_984010
245 _aप्रवासी साहित्‍य विश्‍व के हिंदी साहित्‍यकारों से संवाद खण्‍ड -2
260 _aदिल्‍ली
_bस्‍वराज प्रकाशन
_c2012
650 _aसाहित्‍य
942 _cBK
999 _c69030
_d69030